Fictional or Real Civilization - Statistics

General Stats
  • This quiz has been taken 30 times
  • The average score is 9 of 15
Answer Stats
Question Answer % Correct
Deltora Fictional
85%
Latveria Fictional
77%
Hyrule Fictional
77%
Westeros Fictional
77%
Avalon Fictional
69%
Tuwana Real
69%
Hittites Real
69%
Florin Fictional
62%
Dorne Fictional
62%
Moche Real
62%
Urartu Real
54%
Sogdiana Real
54%
Mitanne Real
46%
Lydia Real
38%
Alamut Fictional
23%
No matching quizzes found
Score Distribution
Percent of People with Each Score
Percentile by Number Answered
Your Score History
You have not taken this quiz